Orlando Gomes (Record no. 64421)

MARC details
000 -LÍDER
campo de controle de tamanho fixo 00316 a2200145 4500
001 - NÚMERO DE CONTROLE
campo de controle 64421
040 ## - FONTE DA CATALOGAÇÃO
Instituição que transcreveu o registro Anchieta - Pituba
100 ## - ENTRADA PRINCIPAL--NOME PESSOAL
Nome pessoal Oliveira, Waldir Freitas
240 10 - TÍTULO UNIFORME
Título uniforme Orlando Gomes
Idioma da obra por
245 10 - TÍTULO
Título Orlando Gomes
300 ## - DESCRIÇÃO FÍSICA
Extensão 334
362 0# - DATAS DE PUBLICAÇÃO E/OU DESIGNAÇÃO SEQUENCIAL
Datas de publicação e/ou designação sequencial 2006
650 #4 - ASSUNTO--TERMO TÓPICO
Cabeçalho tópico ou nome geográfico de criminosos ou advogados
942 ## - ELEMENTOS DE ENTRADA ADICIONADOS (KOHA)
Tipo de material Koha Livros
Holdings
Situação do descarte Situação das perdas Situação física Não pode ser emprestado Biblioteca de origem Biblioteca atual Data de aquisição Total de empréstimos Número de chamada completo Código de barras Data de último acesso Data do preço efetivo Tipo de material Koha
        Colégio Anchieta - Pituba Colégio Anchieta - Pituba 21/11/2023   923.3     O48o OLI ORL 18672/PIT 21/11/2023 21/11/2023 Livros